| 000 | 00531nam a2200205Ia 4500 | ||
|---|---|---|---|
| 999 |
_c95926 _d95926 |
||
| 003 | 0100 | ||
| 005 | 20181024123804.0 | ||
| 008 | 130307s9999 xx 000 0 und d | ||
| 020 | _a0878404112 | ||
| 040 | _cARRUPELIB | ||
| 050 | _aBJ1249.F75 1984 | ||
| 100 |
_aFuchs, Josef _943124 |
||
| 245 |
_aChristian ethics in a secular arena _cJosef Fuchs |
||
| 260 |
_aWashington _bGeorgetown University Press _c1984 |
||
| 300 |
_avii, 154p. ; _c23cm. |
||
| 650 |
_aChristian ethics _xCatholic Authors _943127 |
||
| 942 |
_2lcc _cMONOGRAPH |
||